[Event "FRA-chT U20 0405"]
[Site "France"]
[Date "2004.11.21"]
[Round "2.8"]
[White "Ketanis, Yanis"]
[Black "Fischer, Julie"]
[Result "1-0"]
[WhiteElo "1380"]
[BlackElo "1270"]
[PlyCount "91"]
[EventDate "2004.11.20"]
[EventType "team"]
[EventRounds "11"]
[EventCountry "FRA"]
[SourceTitle "CBM 103 Extra"]
[Source "ChessBase"]
[SourceDate "2005.01.01"]
[SourceVersion "1"]
[SourceVersionDate "2005.01.01"]
[SourceQuality "1"]

1. e4 e5 2. Nf3 Nc6 3. Bc4 Bc5 4. Nc3 Nf6 5. d3 d6 6. Bg5 Be6 7. Bd5 0-0 8. Qd2 Qd7 9. Bxf6 gxf6 10. h3 Kh8 11. Qh6 Qe7 12. Rf1 Rg8 13. g4 Rg7 14. Bc4 Rag8 15. Nd5 Bxd5 16. Bxd5 Nd4 17. Nxd4 exd4 18. 0-0-0 f5 19. exf5 Qg5+ 20. Qxg5 Rxg5 21. Bxf7 Rf8 22. Bh5 a6 23. Rfe1 Bb4 24. Re7 Rg7 25. Rxg7 Kxg7 26. a3 Ba5 27. b4 Bb6 28. Re1 Kf6 29. Re6+ Kg5 30. Re7 Kh6 31. h4 Rxf5 32. Re6+ Rf6 33. Rxf6+ Kg7 34. g5 Ba7 35. Rf7+ Kg8 36. Rxc7 Bb6 37. Rxb7 Bd8 38. Rb8 Kg7 39. Rxd8 h6 40. Rd7+ Kh8 41. gxh6 d5 42. Bg6 Kg8 43. h7+ Kh8 44. Rd8+ Kg7 45. h8Q+ Kxg6 46. Rd6+ 1-0